<?xml version="1.0" encoding="UTF-8"?>
<collection xmlns="http://www.loc.gov/MARC21/slim">
 <record>
  <leader>01463nam  2200337#c 4500</leader>
  <controlfield tag="001">UMA-16228</controlfield>
  <controlfield tag="003">UMA</controlfield>
  <controlfield tag="005">20230415    193853</controlfield>
  <controlfield tag="008">150521suuuu####ar###########||||#0#spa#d</controlfield>
  <datafield tag="336" ind1=" " ind2=" ">
   <subfield code="a">texto</subfield>
  </datafield>
  <datafield tag="337" ind1=" " ind2=" ">
   <subfield code="a">no mediado</subfield>
  </datafield>
  <datafield tag="338" ind1=" " ind2=" ">
   <subfield code="a">volumen</subfield>
  </datafield>
  <datafield tag="901" ind1=" " ind2=" ">
   <subfield code="a">DVD2462</subfield>
  </datafield>
  <datafield tag="080" ind1=" " ind2=" ">
   <subfield code="a">791.43</subfield>
  </datafield>
  <datafield tag="092" ind1=" " ind2=" ">
   <subfield code="a">SEDE CENTRAL DVD2462</subfield>
  </datafield>
  <datafield tag="245" ind1=" " ind2=" ">
   <subfield code="a">V de venganza</subfield>
   <subfield code="b">(2006)</subfield>
  </datafield>
  <datafield tag="100" ind1=" " ind2=" ">
   <subfield code="a">Portman</subfield>
   <subfield code="b">Natalie</subfield>
  </datafield>
  <datafield tag="100" ind1=" " ind2=" ">
   <subfield code="b">Hugo</subfield>
  </datafield>
  <datafield tag="650" ind1=" " ind2=" ">
   <subfield code="a">Películas</subfield>
  </datafield>
  <datafield tag="650" ind1=" " ind2=" ">
   <subfield code="a">Cinematografía</subfield>
  </datafield>
  <datafield tag="650" ind1=" " ind2=" ">
   <subfield code="a">Films</subfield>
  </datafield>
  <datafield tag="650" ind1=" " ind2=" ">
   <subfield code="a">Materiales audiovisuales</subfield>
  </datafield>
  <datafield tag="650" ind1=" " ind2=" ">
   <subfield code="a">DVD</subfield>
  </datafield>
  <datafield tag="650" ind1=" " ind2=" ">
   <subfield code="a">Cine</subfield>
  </datafield>
  <datafield tag="650" ind1=" " ind2=" ">
   <subfield code="a">Filmoteca</subfield>
  </datafield>
  <datafield tag="650" ind1=" " ind2=" ">
   <subfield code="a">Biblioteca Central</subfield>
  </datafield>
  <datafield tag="041" ind1=" " ind2=" ">
   <subfield code="a">eng</subfield>
  </datafield>
  <datafield tag="044" ind1=" " ind2=" ">
   <subfield code="a">ar#</subfield>
  </datafield>
  <datafield tag="500" ind1=" " ind2=" ">
   <subfield code="a">Argumento: Una visión deslumbrante y comprometida del futuro basada en una historieta intesamente subversiva. Natalie Portman interpreta el papel protagónico de Evey, una chica de la clase trabajadora que debe decidir si su héroe se ha convertido en la amenaza contra la que él lucha. Hugo Weaving encarna a V, un audaz y carismático luchador por la libertad decidido a vengarse de aquellos que lo desfuguraron. Y Stephen Rea interpreta a un detective que dirige una desesperada búsqueda para capturar a V antes de que desencadene la revolución. Cada vez hay más en juego. La tensión es electrizante. La acción explota. ¿De qué lado estás? En el mundo de V, no hay término medio.</subfield>
  </datafield>
  <datafield tag="300" ind1=" " ind2=" ">
   <subfield code="a">DVD (Película)</subfield>
  </datafield>
  <datafield tag="260" ind1=" " ind2=" ">
   <subfield code="a">San Luis (Argentina)</subfield>
   <subfield code="b">A.V.H. SAN LUIS</subfield>
   <subfield code="c">2006</subfield>
  </datafield>
 </record>
</collection>
